000
00299nam a22001337a 4500
008
181001b xxu||||| |||| 00| 0 eng d
020
_a
0324016611
041
_a
eng
080
_2
8 ed
_a
341
100
_a
16
101
_a
JUR
245
_a
Wests Business Law
_c
Clarkson.K.W
942
_2
udc
_c
BK
999
_c
48721
_d
48721